| 000 | 00515nam a2200193Ia 4500 | ||
|---|---|---|---|
| 003 | OSt | ||
| 005 | 20250605123340.0 | ||
| 008 | 210210b1998 xxu||||| |||| 00| 0 eng d | ||
| 040 | _cAL | ||
| 041 | _aKannada | ||
| 082 | _aK894.3 VAMN | ||
| 100 |
_aVAMSHI _dವಂಶಿ _9212943 |
||
| 245 |
_aNine radheya prana _bನೀನೇ ರಾಧೆಯ ಪ್ರಾಣ |
||
| 260 |
_aBengaluru _bGitanjali Pablikeshans _c1998 |
||
| 300 | _a344 | ||
| 690 |
_aKannada Fiction _9212944 |
||
| 906 | _a053589 | ||
| 942 |
_2ddc _cBK |
||
| 999 |
_c101370 _d101370 |
||